00645nam a2200145Ia 4500008004100000050002400041100002800065245014700093260008600240300002800326521001200354942000700366999001900373952010700392140724s9999 xx 000 0 und d aRC 440b.Al323 2012 aAlas, Karla Patricia C. aCoping skills and the academic performance of CAA Elementary School students with attention deficit - Like behavior /cKarla Patricia C. Alas. aLas Piñas, Philippines :bSouthville International School and Colleges,cc2012. a58 p. :bill. ;c28 cm. aNursing cTH c229210d229210 001040aCLbCLcTHESESd2014-07-24l0oRC 440 .Al323 2012pT0564r2018-05-15 00:00:00w2014-07-24yTH